[Event "Titled Tuesday intern op 07th Jan Early"]
[Site "Chess.com INT"]
[Date "2025.01.07"]
[Round "4"]
[White "Cordoba Roa, Angel Gabriel"]
[Black "Marn, Jan"]
[Result "1/2-1/2"]
[WhiteElo "2358"]
[BlackElo "2396"]
[PlyCount "216"]
[EventDate "2025.01.07"]
[EventType "swiss (blitz)"]
[EventRounds "11"]
[EventCountry "USA"]
[SourceTitle "CB03_2025"]
[SourceDate "2025.01.15"]
[SourceVersion "1"]
[SourceVersionDate "2025.01.15"]
[SourceQuality "1"]

1. e4 e5 2. Nf3 Nc6 3. Bb5 a6 4. Ba4 d6 5. c3 f5 6. exf5 Bxf5 7. d4 e4 8. Nfd2 Nf6 9. 0-0 d5 10. c4 Bd6 11. h3 0-0 12. cxd5 Ne7 13. Nc3 b5 14. Bc2 Qd7 15. Ndxe4 Nxe4 16. Nxe4 Nxd5 17. Nxd6 Qxd6 18. Bg5 Qg6 19. Bxf5 Rxf5 20. Bh4 Raf8 21. Bg3 c6 22. Rc1 Ne3 23. Qb3+ Nc4 24. Qb4 h5 25. b3 Ne3 26. fxe3 Qxg3 27. Qe7 R8f7 28. Qe8+ Kh7 29. Qe4 g6 30. Rxf5 Rxf5 31. Rxc6 h4 32. Qg4 Qxe3+ 33. Kh2 Qf4+ 34. Qxf4 Rxf4 35. d5 Rd4 36. d6 a5 37. Rc5 a4 38. Rxb5 axb3 39. axb3 Rxd6 40. Rb8 g5 41. b4 Rd2 42. b5 Rb2 43. b6 Kg7 44. Kg1 Kh7 45. Kf1 Kg7 46. b7 Kh7 47. Ke1 Kg7 48. Kd1 Kh7 49. Kc1 Rb6 50. Kc2 Kg7 51. Kc3 Rb1 52. Kc4 Rc1+ 53. Kb5 Rb1+ 54. Kc6 Rc1+ 55. Kd6 Rb1 56. Ke5 Rb5+ 57. Ke4 Rb4+ 58. Kf5 Rb2 59. Kxg5 Rxg2+ 60. Kxh4 Rb2 61. Kg4 Kh7 62. h4 Rb1 63. h5 Rb4+ 64. Kf5 Rb5+ 65. Ke6 Rb6+ 66. Kd7 Rb1 67. h6 Rd1+ 68. Ke6 Re1+ 69. Kd5 Rd1+ 70. Kc4 Rc1+ 71. Kd3 Rb1 72. Kc2 Rb6 73. Kc3 Rb5 74. Kc4 Rb1 75. Kd3 Rb6 76. Ke4 Rb1 77. Kf5 Rf1+ 78. Kg4 Rg1+ 79. Kh3 Rh1+ 80. Kg2 Rb1 81. Kf3 Rb3+ 82. Ke4 Rb4+ 83. Kd3 Rb1 84. Kc2 Rb6 85. Kc3 Rc6+ 86. Kb4 Rb6+ 87. Kc5 Rb1 88. Kc6 Rc1+ 89. Kb5 Rb1+ 90. Ka6 Ra1+ 91. Kb6 Rb1+ 92. Kc7 Rc1+ 93. Kd8 Rd1+ 94. Ke8 Re1+ 95. Kf8 Rf1+ 96. Ke7 Re1+ 97. Kf6 Rf1+ 98. Ke5 Re1+ 99. Kd4 Rd1+ 100. Kc3 Rb1 101. Kd2 Rb2+ 102. Kc3 Rb6 103. Kc4 Rb1 104. Kd5 Rd1+ 105. Kc5 Rc1+ 106. Kd4 Rd1+ 107. Kc4 Rc1+ 108. Kd3 Rb1 1/2-1/2

[Event "Titled Tuesday intern op 07th Jan Early"]
[Site "Chess.com INT"]
[Date "2025.01.07"]
[Round "1"]
[White "Demina, Marya"]
[Black "Marn, Jan"]
[Result "0-1"]
[WhiteElo "1962"]
[BlackElo "2396"]
[PlyCount "50"]
[EventDate "2025.01.07"]
[EventType "swiss (blitz)"]
[EventRounds "11"]
[EventCountry "USA"]
[SourceTitle "CB03_2025"]
[SourceDate "2025.01.15"]
[SourceVersion "1"]
[SourceVersionDate "2025.01.15"]
[SourceQuality "1"]

1. d4 d5 2. c4 e6 3. Nc3 Be7 4. Nf3 Nf6 5. Bg5 h6 6. Bh4 0-0 7. e3 b6 8. cxd5 Nxd5 9. Nxd5 Bxh4 10. Nxc7 Qxc7 11. Nxh4 e5 12. Be2 exd4 13. exd4 Qf4 14. Nf3 Bb7 15. 0-0 Nc6 16. d5 Nb4 17. d6 Rad8 18. d7 Qg4 19. Qa4 Qe4 20. Nd2 Qxe2 21. Qxb4 Rxd7 22. Nb3 Rfd8 23. Qa4 Rd1 24. h3 Qxf1+ 25. Kh2 Qxg2# 0-1

[Event "Palmanova op 13th"]
[Site "Palmanova"]
[Date "2024.12.29"]
[Round "4"]
[White "Pegno, Mattia"]
[Black "Marn, Jan"]
[Result "1-0"]
[WhiteElo "2243"]
[BlackElo "2400"]
[PlyCount "125"]
[EventDate "2024.12.27"]
[EventType "swiss"]
[EventRounds "9"]
[EventCountry "ITA"]
[SourceTitle "CB02_2025"]
[SourceDate "2025.01.08"]
[SourceVersion "1"]
[SourceVersionDate "2025.01.08"]
[SourceQuality "1"]

1. d4 Nf6 2. c4 g6 3. Nc3 d5 4. cxd5 Nxd5 5. e4 Nxc3 6. bxc3 Bg7 7. Bc4 c5 8. Ne2 Nc6 9. Be3 0-0 10. 0-0 Bg4 11. f3 Bd7 12. Qd2 Qa5 13. d5 Ne5 14. Bb3 Bb5 15. Rfc1 Nc4 16. Bxc4 Bxc4 17. Nf4 Rad8 18. Nd3 b6 19. Nb2 Ba6 20. Qc2 e6 21. dxe6 fxe6 22. Qb3 Rfe8 23. a4 Bd3 24. Ra2 h6 25. Kf2 Kh7 26. Nxd3 Rxd3 27. Qb5 Qxb5 28. axb5 Re7 29. c4 Red7 30. Ke2 Bc3 31. Rcc2 Bb4 32. Bd2 Rb3 33. Bxb4 Rxb4 34. Rd2 Rc7 35. Kd3 Kg7 36. Kc3 Kf6 37. Rd1 g5 38. Raa1 Ke5 39. Rd8 g4 40. Rf8 gxf3 41. gxf3 Rd7 42. Re1 Ra4 43. f4+ Kd6 44. Rd1+ Ke7 45. Rxd7+ Kxf8 46. Kb3 Rb4+ 47. Kc3 Ra4 48. f5 exf5 49. exf5 Ra3+ 50. Kd2 Rh3 51. Rxa7 Rxh2+ 52. Kd3 Rh4 53. Rd7 h5 54. Rd6 Ke7 55. Rxb6 Rd4+ 56. Kc3 Rf4 57. f6+ Kd7 58. Rb7+ Kd6 59. Rh7 Rxf6 60. Rxh5 Rf3+ 61. Kc2 Rf2+ 62. Kd3 Rf3+ 63. Ke4 1-0

[Event "SLO-chT 34th"]
[Site "Grosuplje"]
[Date "2024.09.27"]
[Round "1.2"]
[White "Jelen, Igor"]
[Black "Marn, Jan"]
[Result "0-1"]
[WhiteElo "2305"]
[BlackElo "2344"]
[PlyCount "136"]
[EventDate "2024.09.27"]
[EventType "team-tourn"]
[EventRounds "9"]
[EventCountry "SLO"]
[SourceTitle "CB40_2024"]
[Source "Chessbase"]
[SourceDate "2024.10.02"]
[SourceVersion "1"]
[SourceVersionDate "2024.10.02"]
[SourceQuality "1"]
[WhiteTeam "Ig"]
[BlackTeam "Celje"]
[WhiteTeamCountry "SLO"]
[BlackTeamCountry "SVK"]

1. d4 d5 2. c4 e6 3. Nc3 c6 4. e3 f5 5. Nf3 Nf6 6. Bd3 Bd6 7. 0-0 0-0 8. b3 Ne4 9. Bb2 Nd7 10. Ne2 a5 11. Nf4 Qe7 12. Be2 b6 13. Rc1 Bb7 14. Nd3 a4 15. Nfe5 Nxe5 16. Nxe5 axb3 17. axb3 Ra2 18. Rc2 Bxe5 19. dxe5 Qb4 20. cxd5 exd5 21. e6 Re8 22. f3 Nc5 23. Bc3 Qxb3 24. Rxa2 Qxa2 25. e4 Nxe6 26. Rf2 Qa3 27. exd5 Qxc3 28. dxe6 Bc8 29. Bf1 Qc5 30. Qc2 Bxe6 31. Qxc5 bxc5 32. Rc2 Bd5 33. Rxc5 Kf8 34. Ra5 Ke7 35. Ra7+ Kf6 36. Rc7 Re7 37. Rc8 Ke5 38. Kf2 Kd4 39. f4 c5 40. g3 c4 41. Rd8 c3 42. Bg2 c2 43. Bxd5 Kc3 44. Rc8+ Kd2 45. Bf3 c1Q 46. Rxc1 Kxc1 47. Bc6 Kd2 48. Bb5 g6 49. Ba6 Ra7 50. Bb5 Rb7 51. Bc6 Rb2 52. h4 Kd3+ 53. Kf3 Rb6 54. Bd5 Kd4 55. Bg8 h5 56. Bf7 Rc6 57. Be8 Ra6 58. Bb5 Ra3+ 59. Kf2 Rc3 60. Ba6 Rb3 61. Bf1 Rb2+ 62. Kf3 Rb6 63. Kf2 Rb1 64. Ba6 Ke4 65. Kg2 Rb2+ 66. Kh3 Kf3 67. Bc4 Kf2 68. Kh2 Rb7 0-1

[Event "Titled Tuesday intern op 24th Sep Early"]
[Site "Chess.com INT"]
[Date "2024.09.24"]
[Round "2"]
[White "Marn, Jan"]
[Black "Harshavardhan, GB."]
[Result "0-1"]
[WhiteElo "2344"]
[BlackElo "2405"]
[PlyCount "52"]
[EventDate "2024.09.24"]
[EventType "swiss (blitz)"]
[EventRounds "11"]
[EventCountry "USA"]
[SourceTitle "EXT 2025"]
[Source "ChessBase"]
[SourceDate "2024.10.14"]
[SourceVersion "1"]
[SourceVersionDate "2024.10.14"]
[SourceQuality "1"]

1. d4 Nf6 2. Nf3 e6 3. c4 b6 4. Bg5 Bb4+ 5. Nbd2 h6 6. Bxf6 Qxf6 7. a3 Be7 8. e4 Bb7 9. Bd3 g5 10. e5 Qg7 11. Be4 Nc6 12. h3 0-0 13. 0-0 f5 14. exf6 Bxf6 15. d5 Ne5 16. dxe6 Bxe4 17. Nxe5 Bxg2 18. Nxd7 Bxf1 19. Nxf1 Bxb2 20. Rb1 Bd4 21. Nxf8 Rxf8 22. Kh1 Qf6 23. Ng3 Qxf2 24. Rb3 Bc5 25. Qd5 Qe1+ 26. Kg2 Qg1# 0-1

[Event "Trieste op 26th"]
[Site "Trieste"]
[Date "2024.09.01"]
[Round "3"]
[White "Bosiocic, Marin"]
[Black "Marn, Jan"]
[Result "1-0"]
[WhiteElo "2555"]
[BlackElo "2344"]
[PlyCount "77"]
[EventDate "2024.08.31"]
[EventType "swiss"]
[EventRounds "9"]
[EventCountry "ITA"]
[SourceTitle "EXT 2025"]
[Source "ChessBase"]
[SourceDate "2024.10.14"]
[SourceVersion "1"]
[SourceVersionDate "2024.10.14"]
[SourceQuality "1"]

1. e4 e5 2. Nf3 Nc6 3. Bb5 a6 4. Ba4 Nf6 5. 0-0 d6 6. Re1 Bd7 7. c3 g6 8. d4 Bg7 9. dxe5 Nxe5 10. Nxe5 dxe5 11. Bb3 0-0 12. Nd2 Qe7 13. Nc4 b5 14. Ne3 c5 15. Nd5 Nxd5 16. Bxd5 Rad8 17. c4 Be6 18. Qc2 Bxd5 19. cxd5 Rb8 20. Be3 Rfc8 21. a4 c4 22. axb5 axb5 23. Ra7 Rb7 24. Rea1 Rxa7 25. Rxa7 Qd6 26. g3 b4 27. Qa4 c3 28. bxc3 bxc3 29. Ra6 Qd8 30. Rc6 Ra8 31. Qc4 Qd7 32. Kg2 f5 33. d6+ Kh8 34. Qd5 Rf8 35. Rc7 Qd8 36. Rxc3 f4 37. gxf4 Qd7 38. f3 Qa4 39. d7 1-0

[Event "Titled Tuesday intern op 27th Aug Early"]
[Site "Chess.com INT"]
[Date "2024.08.27"]
[Round "5"]
[White "Bold, Andre"]
[Black "Marn, Jan"]
[Result "1-0"]
[WhiteElo "2215"]
[BlackElo "2344"]
[PlyCount "65"]
[EventDate "2024.08.27"]
[EventType "swiss (blitz)"]
[EventRounds "11"]
[EventCountry "USA"]
[SourceTitle "EXT 2025"]
[Source "ChessBase"]
[SourceDate "2024.10.14"]
[SourceVersion "1"]
[SourceVersionDate "2024.10.14"]
[SourceQuality "1"]

1. d4 e6 2. Nf3 b6 3. g3 Bb7 4. Bg2 Nf6 5. 0-0 Be7 6. c4 0-0 7. Nc3 Ne4 8. Ne5 f5 9. Qc2 d6 10. Nxe4 fxe4 11. Bxe4 Bxe4 12. Qxe4 dxe5 13. Qxa8 exd4 14. Qe4 Qd7 15. e3 c5 16. exd4 cxd4 17. Bf4 Nc6 18. Rfe1 g5 19. Qxe6+ Qxe6 20. Rxe6 gxf4 21. Rxc6 f3 22. Re6 Bc5 23. Kf1 a5 24. Re4 Kg7 25. Rd1 Kg6 26. Rd3 h5 27. Rf4 Rxf4 28. gxf4 Kf5 29. Rxf3 Ke4 30. Ke2 Be7 31. f5 Bf6 32. h3 h4 33. a4 1-0

[Event "Titled Tuesday intern op 27th Aug Early"]
[Site "Chess.com INT"]
[Date "2024.08.27"]
[Round "1"]
[White "Marn, Jan"]
[Black "Sherali, Pattnaik"]
[Result "1-0"]
[WhiteElo "2344"]
[BlackElo "2029"]
[PlyCount "49"]
[EventDate "2024.08.27"]
[EventType "swiss (blitz)"]
[EventRounds "11"]
[EventCountry "USA"]
[SourceTitle "EXT 2025"]
[Source "ChessBase"]
[SourceDate "2024.10.14"]
[SourceVersion "1"]
[SourceVersionDate "2024.10.14"]
[SourceQuality "1"]

1. d4 d5 2. Nf3 Nf6 3. e3 e6 4. Bd3 Bd6 5. b3 0-0 6. Bb2 Nbd7 7. 0-0 Re8 8. Ne5 c5 9. Nd2 b6 10. f4 Bb7 11. Qf3 g6 12. Qh3 Rc8 13. g4 Ne4 14. Nxe4 dxe4 15. Nxf7 Qe7 16. Nxd6 Qxd6 17. Bc4 Bd5 18. Bxd5 exd5 19. dxc5 Qxc5 20. Rf2 Nf8 21. f5 Qc6 22. Raf1 gxf5 23. Rxf5 Ng6 24. Rf7 Nf8 25. Rg7+ 1-0

[Event "Abu Dhabi Masters Online"]
[Site "Chess.com INT"]
[Date "2024.08.21"]
[Round "2"]
[White "Marn, Jan"]
[Black "Singgih, Diajeng Theresa"]
[Result "0-1"]
[WhiteElo "2344"]
[BlackElo "1870"]
[PlyCount "66"]
[EventDate "2024.08.21"]
[EventType "swiss (blitz)"]
[EventRounds "11"]
[EventCountry "UAE"]
[SourceTitle "CBM 221 Extra"]
[Source "ChessBase"]
[SourceDate "2024.09.30"]
[SourceVersion "1"]
[SourceVersionDate "2024.09.30"]
[SourceQuality "1"]

1. e4 e5 2. Nf3 Nc6 3. Bb5 a6 4. Ba4 Nf6 5. 0-0 b5 6. Bb3 Bc5 7. c3 d6 8. d4 Bb6 9. a4 Bb7 10. Re1 0-0 11. Be3 Nxe4 12. dxe5 Nxe5 13. Bxb6 cxb6 14. Nbd2 Nxd2 15. Nxd2 Qg5 16. Ne4 Qg6 17. Qxd6 Nf3+ 18. Kh1 Nxe1 19. Qxg6 hxg6 20. Rxe1 Rfe8 21. f3 bxa4 22. Bxa4 Re5 23. Rd1 b5 24. Bc2 Rae8 25. Kg1 f5 26. Nd6 Re1+ 27. Kf2 R8e2+ 28. Kg3 Rxd1 29. Bxd1 Rd2 30. Nxb7 Rxd1 31. Nc5 Rd2 32. Nxa6 Rxb2 33. Nc7 Kf7 0-1

[Event "Titled Tuesday intern op 13th Aug Early"]
[Site "Chess.com INT"]
[Date "2024.08.13"]
[Round "1"]
[White "Marn, Jan"]
[Black "Sabar, Ethmane Daouda"]
[Result "1-0"]
[WhiteElo "2344"]
[BlackElo "2040"]
[PlyCount "119"]
[EventDate "2024.08.13"]
[EventType "swiss (blitz)"]
[EventRounds "11"]
[EventCountry "USA"]
[SourceTitle "EXT 2025"]
[Source "ChessBase"]
[SourceDate "2024.10.14"]
[SourceVersion "1"]
[SourceVersionDate "2024.10.14"]
[SourceQuality "1"]

1. b3 Nf6 2. Bb2 e6 3. g3 Be7 4. Bg2 0-0 5. Nf3 c6 6. d4 d5 7. c4 Ne4 8. 0-0 f5 9. Ba3 Nd7 10. Bxe7 Qxe7 11. Qc2 Ndf6 12. Ne5 Bd7 13. c5 Be8 14. Nd2 Bg6 15. b4 a6 16. a4 Nd7 17. Ndf3 f4 18. Nxd7 Qxd7 19. Ne5 Qe8 20. Qb2 fxg3 21. fxg3 Bf5 22. b5 axb5 23. axb5 Rxa1 24. Rxa1 cxb5 25. Rf1 Qh5 26. Bf3 Qe8 27. Kg2 h6 28. h3 Ng5 29. Bg4 Be4+ 30. Kg1 Rxf1+ 31. Kxf1 Qf8+ 32. Kg1 Bf5 33. Qxb5 Bxg4 34. hxg4 Ne4 35. Nf3 Nxg3 36. Qxb7 Nxe2+ 37. Kg2 Qf4 38. Qc8+ Kh7 39. Qxe6 Qg3+ 40. Kf1 Qxf3+ 41. Ke1 Nxd4 42. Qe5 Qxg4 43. c6 Qe4+ 44. Qxe4+ dxe4 45. c7 Nf3+ 46. Kf2 Ng5 47. c8Q Kg6 48. Qc6+ Kh7 49. Ke3 Kg8 50. Qe8+ Kh7 51. Kf4 e3 52. Kxe3 Nh3 53. Qe4+ Kh8 54. Qg6 Ng5 55. Qe8+ Kh7 56. Kf4 Nh3+ 57. Kf5 Ng5 58. Qg6+ Kg8 59. Kg4 Nf7 60. Kh5 1-0

[Event "Titled Tuesday intern op 13th Aug Early"]
[Site "Chess.com INT"]
[Date "2024.08.13"]
[Round "3"]
[White "Marn, Jan"]
[Black "Yaniv, Ori"]
[Result "1-0"]
[WhiteElo "2344"]
[BlackElo "2131"]
[PlyCount "63"]
[EventDate "2024.08.13"]
[EventType "swiss (blitz)"]
[EventRounds "11"]
[EventCountry "USA"]
[SourceTitle "EXT 2025"]
[Source "ChessBase"]
[SourceDate "2024.10.14"]
[SourceVersion "1"]
[SourceVersionDate "2024.10.14"]
[SourceQuality "1"]

1. e4 c5 2. c3 Nf6 3. e5 Nd5 4. Nf3 Nc6 5. Bc4 Nb6 6. Bb3 d6 7. exd6 Qxd6 8. 0-0 Be6 9. Bc2 g6 10. d3 Bg7 11. Nbd2 Bf5 12. Ne4 Bxe4 13. dxe4 Qxd1 14. Rxd1 0-0 15. Bb3 Na5 16. Be3 Rac8 17. Nd2 e6 18. Kf1 Rfd8 19. Ke2 Nxb3 20. axb3 a6 21. Bg5 f6 22. Be3 Kf7 23. b4 Bf8 24. Ra5 Nd7 25. b5 axb5 26. Rxb5 b6 27. Nc4 Rc6 28. Nxb6 Ke8 29. Nxd7 Rxd7 30. Rb8+ Ke7 31. Rxd7+ Kxd7 32. Rxf8 1-0

[Event "Titled Tuesday intern op 30th Jul Early"]
[Site "Chess.com INT"]
[Date "2024.07.30"]
[Round "1"]
[White "Marn, Jan"]
[Black "Alonso Orta, Osiel Alberto"]
[Result "1-0"]
[WhiteElo "2353"]
[BlackElo "2009"]
[PlyCount "85"]
[EventDate "2024.07.30"]
[EventType "swiss (blitz)"]
[EventRounds "11"]
[EventCountry "USA"]
[SourceTitle "EXT 2025"]
[Source "ChessBase"]
[SourceDate "2024.10.14"]
[SourceVersion "1"]
[SourceVersionDate "2024.10.14"]
[SourceQuality "1"]

1. Nf3 Nf6 2. b3 g6 3. Bb2 Bg7 4. e3 0-0 5. Be2 d6 6. 0-0 e5 7. d4 e4 8. Nfd2 d5 9. c4 c6 10. Nc3 Nbd7 11. b4 Re8 12. a4 Nf8 13. b5 h5 14. Qb3 N8h7 15. Rfc1 g5 16. cxd5 cxd5 17. Qd1 g4 18. Bf1 Ng5 19. Ne2 h4 20. Nb3 Nh5 21. Nf4 Nxf4 22. exf4 Ne6 23. f5 Ng5 24. Qxg4 Qf6 25. Rxc8 Raxc8 26. Bc1 Nh7 27. Be3 b6 28. a5 Rc3 29. Nd2 Rec8 30. axb6 axb6 31. h3 Kh8 32. Ra7 Bh6 33. Qh5 Bg5 34. Rxf7 Qh6 35. Qxh6 Bxh6 36. Bxh6 Rc1 37. f6 Kg8 38. Rg7+ Kh8 39. f7 R1c7 40. Rxh7+ Kxh7 41. f8Q Rxf8 42. Bxf8 Rc6 43. bxc6 1-0

[Event "Titled Tuesday intern op 30th Jul Early"]
[Site "Chess.com INT"]
[Date "2024.07.30"]
[Round "4"]
[White "Marn, Jan"]
[Black "Subelj, Jan"]
[Result "0-1"]
[WhiteElo "2353"]
[BlackElo "2494"]
[PlyCount "88"]
[EventDate "2024.07.30"]
[EventType "swiss (blitz)"]
[EventRounds "11"]
[EventCountry "USA"]
[SourceTitle "EXT 2025"]
[Source "ChessBase"]
[SourceDate "2024.10.14"]
[SourceVersion "1"]
[SourceVersionDate "2024.10.14"]
[SourceQuality "1"]

1. d4 e6 2. g3 c5 3. c3 d5 4. Bg2 Nc6 5. Nf3 Nf6 6. 0-0 Be7 7. dxc5 Bxc5 8. b4 Bb6 9. Bb2 0-0 10. Nbd2 a6 11. a3 e5 12. c4 e4 13. Ne5 e3 14. c5 exf2+ 15. Rxf2 Nxe5 16. Bxe5 Ng4 17. cxb6 Qxb6 18. e3 Qxe3 19. Qe2 Qxe5 20. Qxe5 Nxe5 21. Bxd5 Rd8 22. Bb3 Rxd2 23. Rxd2 Nf3+ 24. Kf2 Nxd2 25. Rd1 Be6 26. Bxe6 Ne4+ 27. Ke3 Nxg3 28. hxg3 fxe6 29. Rd7 Rb8 30. Ke4 h5 31. Ke5 Kh7 32. Kxe6 Kg6 33. Kd6 Rf8 34. Rxb7 Rf3 35. a4 Rxg3 36. b5 axb5 37. axb5 h4 38. Ra7 Rb3 39. Kc5 h3 40. Ra2 Kf5 41. b6 g5 42. Kc6 g4 43. b7 Rxb7 44. Kxb7 g3 0-1

[Event "Titled Tuesday intern op 16th Jul Early"]
[Site "Chess.com INT"]
[Date "2024.07.16"]
[Round "9"]
[White "Marn, Jan"]
[Black "Arabidze, Meri"]
[Result "1/2-1/2"]
[WhiteElo "2353"]
[BlackElo "2457"]
[PlyCount "91"]
[EventDate "2024.07.16"]
[EventType "swiss (blitz)"]
[EventRounds "11"]
[EventCountry "USA"]
[SourceTitle "EXT 2025"]
[Source "ChessBase"]
[SourceDate "2024.10.14"]
[SourceVersion "1"]
[SourceVersionDate "2024.10.14"]
[SourceQuality "1"]

1. d4 Nf6 2. Nf3 e6 3. c4 Bb4+ 4. Bd2 Qe7 5. g3 Bxd2+ 6. Nbxd2 Nc6 7. Bg2 d6 8. 0-0 0-0 9. Qc2 a5 10. e3 e5 11. Rfe1 Re8 12. d5 Nb4 13. Qc3 Bf5 14. Nh4 Bd7 15. a3 Na6 16. b4 e4 17. Bf1 g5 18. Ng2 Qe5 19. Qxe5 Rxe5 20. Reb1 axb4 21. axb4 Ree8 22. Ne1 Bf5 23. Nc2 Ng4 24. Nd4 Bg6 25. Ra4 Ne5 26. Rba1 Rab8 27. Bh3 g4 28. Bf1 h5 29. Be2 Kg7 30. N2b3 Nf3+ 31. Bxf3 exf3 32. c5 dxc5 33. bxc5 Rbd8 34. c6 Rxd5 35. cxb7 Nb8 36. Ra8 c5 37. R1a5 cxd4 38. Rxd5 dxe3 39. fxe3 Rxe3 40. Nd4 Re1+ 41. Kf2 Rb1 42. Rxb8 Rb2+ 43. Kg1 Rb1+ 44. Kf2 Rb2+ 45. Kg1 Rb1+ 46. Kf2 1/2-1/2

[Event "Titled Tuesday intern op 16th Jul Early"]
[Site "Chess.com INT"]
[Date "2024.07.16"]
[Round "5"]
[White "Weetik, Vjacheslav"]
[Black "Marn, Jan"]
[Result "0-1"]
[WhiteElo "2423"]
[BlackElo "2353"]
[PlyCount "82"]
[EventDate "2024.07.16"]
[EventType "swiss (blitz)"]
[EventRounds "11"]
[EventCountry "USA"]
[SourceTitle "EXT 2025"]
[Source "ChessBase"]
[SourceDate "2024.10.14"]
[SourceVersion "1"]
[SourceVersionDate "2024.10.14"]
[SourceQuality "1"]

1. d4 Nf6 2. Bf4 d5 3. e3 e6 4. Nd2 Bd6 5. Ngf3 c5 6. c3 0-0 7. Bd3 Bxf4 8. exf4 Qc7 9. g3 Bd7 10. 0-0 cxd4 11. cxd4 Nc6 12. Re1 Qb6 13. Nb3 Rac8 14. Rc1 Rfd8 15. Ne5 Be8 16. Bb1 g6 17. Nc5 Nxe5 18. fxe5 Nd7 19. Nb3 Nb8 20. Qd2 Na6 21. h4 Rc4 22. h5 Qb4 23. Qg5 Rdc8 24. Rcd1 Ba4 25. hxg6 hxg6 26. Bxg6 fxg6 27. Qxg6+ Kf8 28. Re3 Ke7 29. Rf3 Be8 30. Qg7+ Kd8 31. Rf8 Qe7 32. Qh8 Kd7 33. Qh6 Bf7 34. Rxc8 Rxc8 35. Rd3 Qf8 36. Qh7 Qg8 37. Qh6 Qg6 38. Qd2 Qe4 39. Re3 Qh7 40. Rf3 Bh5 41. Rf4 Rh8 0-1

[Event "Titled Tuesday intern op 02nd Jul Early"]
[Site "Chess.com INT"]
[Date "2024.07.02"]
[Round "9"]
[White "Bobkov, Vadim"]
[Black "Marn, Jan"]
[Result "1-0"]
[WhiteElo "2237"]
[BlackElo "2353"]
[PlyCount "47"]
[EventDate "2024.07.02"]
[EventType "swiss (blitz)"]
[EventRounds "11"]
[EventCountry "USA"]
[SourceTitle "EXT 2025"]
[Source "ChessBase"]
[SourceDate "2024.10.14"]
[SourceVersion "1"]
[SourceVersionDate "2024.10.14"]
[SourceQuality "1"]

1. d4 Nf6 2. c4 c5 3. d5 b5 4. cxb5 a6 5. Nc3 axb5 6. e4 b4 7. Nb5 Nxe4 8. Qe2 Ba6 9. Qxe4 Bxb5 10. Bxb5 Qa5 11. d6 e6 12. Bf4 Ra7 13. Bc4 Nc6 14. Nf3 b3+ 15. Bd2 Qa4 16. 0-0 Bxd6 17. Qd3 Be7 18. Bxb3 Qg4 19. Rfe1 d5 20. Qb5 Rc7 21. Ne5 Qd4 22. Nxc6 Qxd2 23. Qb8+ Kd7 24. Ne5+ 1-0

[Event "Titled Tuesday intern op 02nd Jul Early"]
[Site "Chess.com INT"]
[Date "2024.07.02"]
[Round "11"]
[White "Fernandez Garcia, Gumersindo"]
[Black "Marn, Jan"]
[Result "0-1"]
[WhiteElo "2117"]
[BlackElo "2353"]
[PlyCount "114"]
[EventDate "2024.07.02"]
[EventType "swiss (blitz)"]
[EventRounds "11"]
[EventCountry "USA"]
[SourceTitle "EXT 2025"]
[Source "ChessBase"]
[SourceDate "2024.10.14"]
[SourceVersion "1"]
[SourceVersionDate "2024.10.14"]
[SourceQuality "1"]

1. e4 e5 2. Nf3 Nc6 3. d4 exd4 4. Bc4 Bc5 5. c3 Nf6 6. cxd4 Bb4+ 7. Bd2 Nxe4 8. Bxb4 Nxb4 9. Bxf7+ Kxf7 10. Qb3+ Kf8 11. Qxb4+ Qe7 12. Qxe7+ Kxe7 13. 0-0 Kd8 14. Re1 Nf6 15. Nc3 d6 16. Ng5 Rf8 17. f3 h6 18. Nge4 Bf5 19. Re3 Kd7 20. Rae1 Bxe4 21. fxe4 c6 22. h3 Rae8 23. e5 Nd5 24. Nxd5 cxd5 25. Rb3 b6 26. Ra3 a5 27. Rb3 dxe5 28. dxe5 Kc6 29. Rc3+ Kb7 30. Re2 Rf5 31. Rec2 Re7 32. e6 Re5 33. Rc8 R5xe6 34. Rd8 Re2 35. Rcc8 Rxb2 36. Rb8+ Kc6 37. a4 Rb4 38. Rbc8+ Rc7 39. Rxc7+ Kxc7 40. Rxd5 Rxa4 41. Rf5 Rd4 42. Rf7+ Rd7 43. Rf8 Kc6 44. h4 b5 45. Rc8+ Kd5 46. Kf2 Ra7 47. Ke3 a4 48. Kd3 a3 49. Rc1 a2 50. Ra1 b4 51. Kc2 Kc4 52. Kb2 b3 53. g4 Re7 54. Rc1+ Kb4 55. Rf1 Re2+ 56. Ka1 Ka3 57. Rf2 b2# 0-1

[Event "Titled Tuesday intern op 02nd Jul Early"]
[Site "Chess.com INT"]
[Date "2024.07.02"]
[Round "7"]
[White "Filindash, Nikita"]
[Black "Marn, Jan"]
[Result "0-1"]
[WhiteElo "2065"]
[BlackElo "2353"]
[PlyCount "62"]
[EventDate "2024.07.02"]
[EventType "swiss (blitz)"]
[EventRounds "11"]
[EventCountry "USA"]
[SourceTitle "EXT 2025"]
[Source "ChessBase"]
[SourceDate "2024.10.14"]
[SourceVersion "1"]
[SourceVersionDate "2024.10.14"]
[SourceQuality "1"]

1. d4 d5 2. c4 e6 3. Nc3 c6 4. e3 f5 5. Nf3 Nf6 6. b3 Bd6 7. Bb2 0-0 8. Bd3 Nbd7 9. Qc2 Ne4 10. 0-0-0 a5 11. Bxe4 fxe4 12. Ne5 Nxe5 13. dxe5 Bxe5 14. Nxe4 Bxb2+ 15. Kxb2 a4 16. Nc3 Qf6 17. cxd5 exd5 18. Rhf1 Bf5 19. Qd2 b5 20. Qd4 Qe7 21. b4 a3+ 22. Ka1 Rae8 23. Rfe1 Bg6 24. f3 Qg5 25. Re2 Rf7 26. Qc5 Rf6 27. e4 Rfe6 28. Red2 Qf6 29. exd5 cxd5 30. Rd3 Bxd3 31. Rxd3 Re1+ 0-1

[Event "Titled Tuesday intern op 02nd Jul Early"]
[Site "Chess.com INT"]
[Date "2024.07.02"]
[Round "3"]
[White "Villa, Ma Elayza"]
[Black "Marn, Jan"]
[Result "0-1"]
[WhiteElo "1812"]
[BlackElo "2353"]
[PlyCount "102"]
[EventDate "2024.07.02"]
[EventType "swiss (blitz)"]
[EventRounds "11"]
[EventCountry "USA"]
[SourceTitle "EXT 2025"]
[Source "ChessBase"]
[SourceDate "2024.10.14"]
[SourceVersion "1"]
[SourceVersionDate "2024.10.14"]
[SourceQuality "1"]

1. d4 Nf6 2. Bf4 c6 3. Nf3 Qb6 4. Qc1 d6 5. c3 g6 6. e3 Bg7 7. Nbd2 0-0 8. Bc4 Nbd7 9. 0-0 h6 10. h3 Re8 11. Bb3 e5 12. Bg3 a5 13. Qc2 e4 14. Ne1 d5 15. c4 Nf8 16. cxd5 cxd5 17. Bc7 Qa6 18. a3 Be6 19. Be5 Rac8 20. Qd1 N8d7 21. Bg3 b5 22. Nc2 Nb6 23. Rc1 Nc4 24. Nxc4 bxc4 25. Ba4 Re7 26. b4 Rb7 27. b5 Qa7 28. Bd6 Nd7 29. Rb1 Bf8 30. Bxf8 Kxf8 31. f3 Nb6 32. Ne1 exf3 33. Rxf3 Kg7 34. Bc2 c3 35. e4 dxe4 36. Bxe4 Nc4 37. Bxb7 Qxb7 38. Nc2 Nd2 39. Rc1 Nxf3+ 40. gxf3 Qxb5 41. Ne3 Qg5+ 42. Kf2 Bxh3 43. d5 Qh4+ 44. Ke2 Qg3 45. Qd4+ Kh7 46. Rxc3 Qh2+ 47. Kd3 Re8 48. Qf6 Kg8 49. Qd4 Qf2 50. f4 Bf1+ 51. Nxf1 Qe2# 0-1